| 000 | 00833nam a2200217 i 4500 | ||
|---|---|---|---|
| 001 | 23206 | ||
| 003 | ES-MaACL | ||
| 005 | 20231228062552.0 | ||
| 007 | t| | ||
| 008 | 021209s1950 sp |||| | spa d | ||
| 100 | 1 |
_aAlonso, Dámaso, _d1898-1990 _920195 |
|
| 245 | 1 | 0 |
_aPoesía española _b: ensayo de métodos y límites estilísticos : Garcilaso, Fray Luis de León, San Juan de la Cruz, Góngora, Lope de Vega, Quevedo / _cDámaso Alonso. |
| 260 |
_aMadrid : _bGredos, _c[1950] |
||
| 300 |
_a671 p. ; _c20 cm. |
||
| 490 | 1 | _aBiblioteca románica hispánica. II. Estudios y ensayos | |
| 650 | 0 | 4 |
_aPoesía española- _yS.XVI-XVII- _vHistoria y crítica. _916174 |
| 830 | 0 |
_aBiblioteca románica hispánica. II. Estudios y ensayos _9178108 |
|
| 852 |
_aES-MaACL _jD-6012 |
||
| 852 |
_aES-MaACL _jG-3533 |
||
| 999 |
_c23206 _d23206 |
||